00607nam a2200181Ia 4500008004100000020001800041022001500059040001300074082001600087100002500103245010600128260004800234300003200282500006300314650001000377650002000387650001800407191130s2003##################000#0#eng## a9780521809603 a2002035000 aACLcACL a330.951 WED aWedeman, Andrew Hall aFrom Mao to market : rent seeking, local protectionism, and marketization in ChinacAndrew H. Wedeman aCambridgebCambridge University Pressc2003 axiii, 277 p. : ill. ; 24 cm aIncludes bibliographical references (p. 259-271) and index aChina aEconomic policy aProtectionism